000 00376nam a2200157Ia 4500
008 100204s9999 xx 000 0 und d
082 _b27643
100 _aभडभडे शुभांगी
245 _aसार्थक
250 _a0
260 _c2007
300 _a205
630 _aसार्थक
730 _aसार्थक
942 _cBOOK
999 _c472820
_d472817